00505nam a2200181Ii 450000100060000000300090000600800410001504000330005604100080008908200180009710000240011524500320013926400590017130000120023033600260024233700280026833800270029610969CO-ViMGA241108s9999||||xx |||||||||||||| ||und|| aCO-ViMGAbspaerdacCO-ViMGA0 aunk04a658.4034 T67e1 aIván D. Torres A.10aExperimentación en planta 1a[Lugar de publicación no identificado] : SECAB, 1994 avolumen atextbtxt2rdacontent aunmediatedbn2rdamedia avolumebnc2rdacarrier